[Event "EU-Cup 21st"]
[Site "Saint Vincent"]
[Date "2005.09.21"]
[Round "4.6"]
[White "Horvath, Gyula"]
[Black "Tyomkin, Dimitri"]
[Result "1/2-1/2"]
[WhiteElo "2428"]
[BlackElo "2467"]
[Annotator "Tyomkin,D"]
[PlyCount "130"]
[EventDate "2005.09.18"]
[EventType "team-swiss"]
[EventRounds "7"]
[EventCountry "ITA"]
[SourceTitle "CBM 110"]
[Source "ChessBase"]
[SourceDate "2006.01.31"]
[SourceVersion "1"]
[SourceVersionDate "2006.01.31"]
[SourceQuality "1"]
[WhiteTeam "Zalaegerszeg"]
[BlackTeam "Ashdod"]
[WhiteTeamCountry "HUN"]
[BlackTeamCountry "ISR"]

1. c4 Nf6 2. Nf3 g6 3. Nc3 d5 4. cxd5 Nxd5 5. Qa4+ Bd7 6. Qh4 Nf6 7. d4 {
White has a large choice here. 7.g3 looks harmless for black, perhaps 7.e4 is
the toughest. More than 20 years ago, Garry K tried 7.e4 and won a nice game
with it.} (7. e4 Bg4 8. Ne5 $1 Be6 9. f4 Bg7 10. Qf2 $1 O-O 11. d4 $14 Nc6 12.
Nxc6 bxc6 13. h3 Qb8 14. Bd3 Rd8 15. Be3 Qb4 16. O-O Rab8 17. Rab1 Ne8 18. e5
$1 f5 19. Rfc1 Bf8 20. b3 Ng7 21. Na4 Bd5 22. Nc5 Qb6 23. b4 e6 24. Na6 Rbc8
25. a4 Qb7 26. Qf1 $16 {1-0 Kasparov,G-Popovic,P/Belgrade 1989/CBM 016/[Ribli]
(39)}) 7... Bg4 8. Bg5 Bxf3 9. gxf3 {Right approach. In case of 9.exf3 white
can only hope for very slight advantage.} (9. exf3 Bg7 10. Bc4 h6 11. Be3 Nbd7
(11... c6 12. O-O Nd5 13. Rfe1 e6 14. Qh3 Nxe3 15. fxe3 O-O 16. Rad1 $14 {
1/2-1/2 Ribli,Z-Popovic,P/Subotica 1987/CBM 003 (81)}) 12. d5 (12. O-O Nb6 13.
Bb3 $14) 12... Nb6 13. Bb5+ Kf8 14. Bxb6 axb6 15. Rd1 Ne8 16. Bxe8 Qxe8 17. O-O
Qd7 18. Rfe1 Bf6 19. Qc4 Kg7 $11 {1/2-1/2 Vaganian,R-Sokolov,I/Wijk aan Zee
1989/CBM 011 (52)}) 9... Bg7 10. O-O-O ({After 10.Rd1, the scenario is
different} 10. Rd1 Nc6 11. d5 Ne5 12. Qa4+ Ned7 13. e4 O-O {Black's position
is passive but playable.}) 10... h6 11. Bxf6 $1 {After this trade black has
difficulties to get counterplay.} Bxf6 12. Qe4 c6 13. e3 Nd7 14. Kb1 $1 $146 {
Definitely better than the previously played 14.f4, but actually, both moves
are part of the same plan.} (14. f4 Qa5 15. Kb1 (15. Bh3) 15... e6 16. Qc2 Be7
17. Bg2 Qc7 18. Ne4 Nf6 19. Nc5 Nd5 20. Bxd5 exd5 21. Nd3 O-O-O 22. Ne5 Bd6 23.
Rd3 Kb8 24. Rb3 Ka8 25. Nf3 g5 26. f5 Qc8 {0-1 Nikcevic,N-Popovic,P/Budva 2002/
EXT 2003}) 14... Qa5 15. Bh3 Nb6 (15... e6 $5 16. Bxe6 fxe6 17. Qxe6+ Kd8 18.
e4 {It's not an easy task to give some evaluation here, but I prefer white
here anyhow.}) (15... O-O-O 16. d5 $5) 16. f4 Nd5 17. Rc1 Nxc3+ 18. Rxc3 Qd5 {
I just preffered a worse ending to a worse middlegame.} 19. Qxd5 {My opponent
was delighted to trade queens, perhaps considering that ending as winning for
white.} cxd5 20. Bc8 $6 {First unaccuracy in this ending. 20.Rc7 Rb8 21.Bc8
transposes to the game, while black doesn't have 20...b6 in case of 20.Rc7;} (
20. Rc7 $1 Rb8 (20... b6 21. Bd7+ Kf8 (21... Kd8 22. Rhc1 $18) 22. Bc6 $18) 21.
Bc8 {- transforms to game line;}) 20... Rb8 $6 {Missing a better chance...} (
20... b6 $142 21. Bb7 Rd8 22. Rc7 Kf8 23. Bc6 Bh4 24. Rf1 Rd6 $132) 21. Rhc1 $6
(21. Rc7 $142 Bh4 22. Rf1 {and black is tied down in defence.}) 21... O-O (
21... b6 22. Rc7 a5 23. Bd7+ Kf8 $11) 22. Rc7 Bh4 $1 {That was my big hope
while offering the queen's trade - the broken pawn chain of white on the
kingside gives black an excellent counterplay!} 23. Bxb7 (23. f3 Bf2 24. R1c3
Be1 (24... Bxe3 25. Rxe3 Rfxc8 26. Rexe7 Rxc7 27. Rxc7 Kg7 28. Rd7 (28. Kc2 Kf6
29. Kd3 Ke6 30. b4 f6 $132 {[%cal Ge6f5]}) 28... Re8 29. Rxb7 {is still very
unclear, but I'm afraid that the white pawns on the queenside will be faster
in this ending.}) 25. Rc2 Ba5 26. R7c5 Bb6 27. R5c3 Ba5 $11) 23... Bxf2 24.
R1c3 e6 25. Ba6 {Not feeling the danger. White gonna be in trouble very soon!}
(25. Kc2 $1 {[%cal Gc2d3] The king is an important piece in the ending - all
books say so!} g5 26. Kd3 Be1 $1 {[%cal Ge1a5] perhaps equal here;}) 25... g5
26. fxg5 (26. Rd3 gxf4 27. exf4 Rb4 28. Rxa7 Rxd4 29. Rxd4 Bxd4 30. Rb7 Kg7 31.
b4 Kf6 $17) 26... hxg5 27. Rxa7 Kg7 28. h3 Rh8 29. Be2 (29. Bf1 {doesn't help
in view of} g4 $17) 29... Rxh3 (29... Kg8 $1 $17 30. Bg4 f5 31. Be2 Rxh3 $19)
30. Bg4 Rxe3 $2 {Being short of time, I couldn't calculate the forthcoming
bishop's ending properly.} (30... Rh1+ 31. Kc2 Kg6 $17 {[%cal Gh1g1,Gg5g4]} 32.
Rcc7 Bxe3 33. Rxf7 Bxd4 34. Rab7 Rxb7 35. Rxb7 Kf6 $19) 31. Rxe3 Bxe3 32. Bxe6
Rxb2+ {This combo doesn't win, but black doesn't have much choice.} (32... Rf8
33. Bxd5 Kg6 34. a4 (34. Rd7 f5) 34... f5 35. a5 g4 36. Rd7 f4 (36... Bxd4 37.
a6 Be3 38. a7 Bxa7 39. Rxa7 f4 40. Kc2 f3 41. Ra8 Rf4 $11) 37. a6 f3 38. a7 f2
39. Bg2 f1=Q+ 40. Bxf1 Rxf1+ 41. Kc2 Ra1 42. Kd3 $11) 33. Kxb2 Bxd4+ 34. Kc2
Bxa7 35. Bxd5 f5 36. Kd1 Kf6 37. Ke2 g4 38. Kf1 f4 39. Kg2 {[%mdl 4096] White
is right in time to bring the king to g2. Without pawn a2 on the board, this
ending would be lost for white. The winning plan is to bring the B to h4, and
then the black king goes to e3. The pawn a2 ties the bishop to the g1-a7
diagonal, so there is no time to bring it to h4. By the way, that ending would
be still a draw, if the white bishop reached e2 or d1. Kg2+Be2 is the only
drawish setup. Ke2+Bg2 loses- black brings the king to g3.} Bb6 40. Bc6 Ba5 41.
Kf2 Kf5 42. a4 Kg5 43. Bb7 Kh4 44. Kg2 Kh5 45. Kf2 Kg6 46. Bc6 Kf6 47. Bb7 Bb6+
48. Kg2 Bc7 49. Kf2 Bd8 50. Bc6 Ke6 51. Bb7 Bh4+ 52. Ke2 Kd7 53. a5 Kc7 54. Be4
Kb8 55. Bf5 f3+ {My opponent didn't behave properly in this game, that's why I
decided to continue even in a dead draw position.} 56. Ke3 Bg5+ 57. Kf2 Bh4+
58. Ke3 f2 59. Ke2 g3 60. Kf1 Bd8 61. a6 Ka7 62. Bd3 Bc7 63. Kg2 Bb8 64. Bf1
Kb6 65. Be2 Kc5 1/2-1/2

[Event "RUS-ch 54th"]
[Site "Elista"]
[Date "2001.05.01"]
[Round "2"]
[White "Volzhin, Alexander"]
[Black "Baikov, Vladimir A"]
[Result "1-0"]
[WhiteElo "2528"]
[BlackElo "2431"]
[Annotator "Volzhin,A"]
[PlyCount "63"]
[EventDate "2001.04.29"]
[EventType "swiss"]
[EventRounds "9"]
[EventCountry "RUS"]
[SourceTitle "EXT 2004"]
[Source "ChessBase"]
[SourceDate "2003.11.25"]
[SourceVersion "1"]
[SourceVersionDate "2003.11.25"]
[SourceQuality "1"]

1. Nf3 Nf6 2. c4 g6 3. Nc3 d5 4. cxd5 Nxd5 5. Qa4+ Bd7 6. Qc2 $5 {A relatively
rare line.} (6. Qh4 {is common nowadays.}) 6... Nb6 7. d4 Bg7 8. e4 O-O 9. Be3
{A typical Gruenfeld position has arisen. Now Black has to choose how to
attack White's centre.} Nc6 {In my opinion, the best.} (9... Bg4 $6 {is weaker:
} 10. Ne5 Be6 (10... Bc8 11. Rd1 c6 12. Be2 Be6 13. O-O N8d7 14. f4 f6 15. Nf3
$16 {is clearly better for White, Liebert,H-Lengyel,L/Lublin 1974}) 11. Rd1
N8d7 12. Nf3 Bg4 13. Be2 Bxf3 14. gxf3 e6 15. h4 h5 16. Bg5 Qe8 17. Nb5 Rc8 18.
Nxa7 Ra8 19. Nb5 Rxa2 20. Qb3 Ra5 21. Nxc7 Qb8 22. Nb5 $16 {Piket,J-Avrukh,B/
Biel 1999}) 10. d5 {Besides the text there are two other interesting
possibilities:} (10. O-O-O $5 Bg4 11. d5 Ne5 12. Be2 Nbc4 13. Bd4 $14) (10. Rd1
$5 Bg4 11. d5 Ne5 12. Be2 Bxf3 13. gxf3 Nec4 14. Bc1 Qd6 15. f4 e5 16. dxe6
Qxe6 17. O-O Nd6 18. Bf3 c6 19. Rfe1 Rad8 20. b3 $14 {Bratanov,Z-Grollemund,B/
St Affrique 2000}) {These lines requre further practical tests.} 10... Ne5 (
10... Na5 $2 {is weak:} 11. Rd1 Bg4 $2 12. Nb5 f5 13. b4 {1-0 Engel,K-Estrin,Y
corr 1978}) 11. Nxe5 Bxe5 12. Rd1 Qe8 (12... Qc8 $5 {deserves serious
attention. After} 13. f4 Bg7 14. Be2 c6 15. d6 exd6 16. Rxd6 Bg4 17. O-O Bxe2
18. Qxe2 Qc7 {Black equalized and after} 19. Rfd1 $2 Bxc3 20. bxc3 Nd5 $1 {
White lost material, Benko,P-Szabo,L/Hastings 1973.}) 13. Be2 c6 14. O-O cxd5
15. Nxd5 (15. exd5 $5 Rc8 16. Qd2 $14) 15... Nxd5 16. exd5 $6 ({I rejected
natural} 16. Rxd5 {in view of} Bg7 17. Rfd1 Bc6 18. R5d2 $14 {and although
White is slightly better it's not easy to make a progress. But the text allows
Black to equalize immediately.}) 16... Bb5 $6 {This is the move I hoped for.} (
{Simple} 16... Bf5 $1 17. Qb3 Qd7 $11 {secured Black comfortable equality.})
17. Bh6 Bg7 18. Bxg7 Kxg7 19. Rfe1 $1 $16 {(Xe7)} Rd8 (19... Rc8 20. Qe4 $16)
20. Bf3 $1 Rd6 (20... Rd7 21. Qc5 a6 22. a4 $1 Bxa4 23. Qd4+ $18) 21. Qc7 Qd7
22. Rxe7 Qxc7 23. Rxc7 $18 {The rest is easy.} Ba6 (23... Rb6 24. d6 $18) 24.
b4 $1 Rb6 25. Rd4 {/\a4ץa6} Bb5 $8 26. d6 Rd8 27. Rxb7 Rxb7 28. Bxb7 Kf6 29.
f4 Bd7 30. Kf2 Be6 31. a4 Bb3 32. b5 1-0

[Event "Bonn GSK"]
[Site "Bonn"]
[Date "1995.??.??"]
[Round "1"]
[White "Kertesz, Alfred"]
[Black "Grimm, Sascha"]
[Result "0-1"]
[WhiteElo "2365"]
[BlackElo "2315"]
[Annotator "Von Gleich,A"]
[PlyCount "68"]
[EventDate "1995.??.??"]
[EventType "tourn"]
[EventRounds "11"]
[EventCountry "GER"]
[EventCategory "8"]
[SourceTitle "CBM 045"]
[Source "ChessBase"]
[SourceDate "1995.04.01"]
[SourceVersion "1"]
[SourceVersionDate "1995.04.01"]
[SourceQuality "1"]

1. c4 Nf6 2. Nc3 d5 3. cxd5 Nxd5 4. Nf3 g6 5. Qa4+ (5. h4 {Podzielny-Grimm, 3.
Runde}) 5... Bd7 (5... Nc6 6. Ne5 Ndb4 7. a3 Bg7 8. axb4 Bxe5 9. b5 Nb8 10. e3
$14) 6. Qh4 Nxc3 7. dxc3 (7. Qd4 f6 8. Qxc3 e5 9. e3 $14) 7... Nc6 8. Qg3 f6 9.
e4 e5 10. h4 Qe7 11. h5 g5 $14 12. Be3 Nd8 13. Nd2 Ne6 14. Qf3 Bh6 15. Qd1 O-O
16. a4 Kh8 17. g3 Bc6 18. f3 Rad8 19. Qc2 Rd7 20. b4 b6 21. Nc4 Rfd8 22. Rh2
Qf7 23. Nb2 Rd6 24. Bc4 Qf8 25. g4 Nf4 {[#]} 26. Rd2 Rxd2 27. Bxd2 f5 28. gxf5
g4 29. Bxf4 Bxf4 30. Rd1 (30. fxg4 Rd2 31. Qb1 Qf6 $19) 30... gxf3 31. Bd5 Qg7
32. Kf1 Be3 33. Qh2 Bxd5 34. Rxd5 Rg8 0-1

[Event "FIDE World Cup"]
[Site "Baku"]
[Date "2015.09.20"]
[Round "4.1"]
[White "Ding, Liren"]
[Black "Wei, Yi"]
[Result "1-0"]
[WhiteElo "2782"]
[BlackElo "2734"]
[Annotator "Wagner,D"]
[PlyCount "77"]
[EventDate "2015.09.11"]
[EventType "k.o."]
[EventRounds "7"]
[EventCountry "AZE"]
[SourceTitle "CBM 169"]
[Source "ChessBase"]
[SourceDate "2015.11.10"]
[SourceVersion "1"]
[SourceVersionDate "2015.11.10"]
[SourceQuality "1"]

{In Round 4 of the Fide World Cup in Baku a highly interesting encounter took
place, as the two most promising players in China, who fared really well in
this event, were paired against each other.} 1. Nf3 Nf6 2. c4 g6 (2... c5 $5 {
is a sound additional line to the Grünfeld.}) 3. Nc3 d5 {Most of the
Grünfeld adherents have adopted 2...c5 as a counter to 1.Nf3, but Wei Yi is
faithful to the more principled but also more risky Anti-Grünfeld, which can
be seen often in his games.} 4. cxd5 Nxd5 5. h4 {A trendy line that already
featured in some of Wei Yi's games.} (5. Qb3 {is the main alternative.}) 5...
Bg7 6. h5 {A rather uncommon opening concept. White achieves a huge space
advantage on the kingside but on the other hand fails to develop his pieces at
the same time.} Nc6 7. g3 Bg4 8. h6 Bxc3 (8... Bf6 {is the main alternative.}
9. Bg2 O-O 10. O-O {White is relying on his extra pawn in the centre and space
advantage on the kingside, with decent chances for a slight edge.} Bxf3 (10...
Re8 11. Ne4 Bh8 12. d3 Nd4 13. Nxd4 Bxd4 14. Qa4 Nb6 15. Qc2 c6 16. Re1 Nd5 17.
Bd2 Qb6 18. e3 Bh8 19. Rab1 $14 {1-0 (41) Tomashevsky,E (2758)-Navara,D (2734)
Berlin 2015}) 11. Bxf3 e6 12. Bg2 Qd7 13. Ne4 Be7 14. d3 Rad8 15. Bd2 Nd4 16.
Rc1 b6 17. Ng5 c5 18. Nf3 Bf6 $11 {1/2 (75) -1/2 (75) Cori Tello,J (2612)-Wei,
Y (2641) Pune 2014}) 9. dxc3 Qd6 10. Bg2 ({The alternative} 10. Ng5 $5 f6 11.
Bg2 Nb6 (11... Rd8 12. Ne4 Qe5 13. Qb3 $14) 12. Ne4 Qxd1+ 13. Kxd1 O-O-O+ 14.
Ke1 {leads to a highly interesting endgame. Thanks to his advanced h-pawn and
the bishop pair White seems to have some chances for a slight edge.} Nd7 15. b3
$14) 10... O-O-O 11. Ng5 $1 {White is still behind in development but anyway
he starts concrete operations leading to a highly complicated situation.} (11.
Qa4 {soon led to a huge advantage for the young Chinese prodigy in a recent
game.} Qe6 12. O-O f6 13. Qc4 Bh3 $17 {1/2 (31)-1/2 (31) Wang,Y (2721)-Wei,Y 
(2725) Zaozhuang 2015}) 11... Ne5 12. Qa4 Nb6 {This leads by force to an
endgame where White is holding the initiative.} (12... Kb8 $2 13. Qe4 $1 (13.
Nxf7 $2 Nxf7 14. Qxg4 Nxc3 $1) 13... Bc8 14. Qxd5 Qxd5 15. Bxd5 Rxd5 16. Bf4
$14) ({After} 12... f6 $5 {Black might have less problems to solve.} 13. Nf7
Nxf7 14. Qxg4+ Kb8 15. Qa4 e5 {leads to another double-edged situation with
chances for both sides.}) 13. Qd4 {forcing the exchange of queens, but the
character of the game still remains extremely forcing and complicated.} f6 (
13... Qxd4 14. cxd4 Rxd4 15. b3 $1 {White will get a strong inititative on the
long diagonal.} (15. f4 f6 16. fxe5 fxg5 17. Bxg5 Be6 18. Bxe7 Re8 19. Bf6 Nd7
$11) 15... Rdd8 16. f3 f6 17. fxg4 fxg5 18. Bxg5 Nd5 (18... Nxg4 $2 19. Bh3 $18
) 19. O-O $14) 14. Bf4 $1 {An energetic counter-attacking developing move! Now
unclear complications arise which should lead to a balanced position if both
sides act accurately.} Qxd4 15. cxd4 Nc6 (15... Rxd4 16. Bxe5 fxe5 17. b3 $14 {
leaves Black with a horribly compromised structure.}) 16. Nf7 Nxd4 17. Rc1 e5
18. Rh4 $1 {A pretty way of activating the last piece.} (18. Nxh8 exf4 19. Nxg6
hxg6 20. Rh4 f3 21. exf3 Nxf3+ 22. Bxf3 Bxf3 23. Rf4 Bd5 24. Rxf6 Nd7 25. Rxg6
Ne5 26. Rg7 Nd3+ 27. Kd2 Nxc1 28. Kxc1 Bxa2 $11) 18... exf4 $2 (18... Bxe2 $1 {
was the way of maintaining the balance, based on concrete variations.} 19. Nxh8
(19. Bxe5 fxe5 20. Nxh8 Bc4 21. Nxg6 hxg6 $15) (19. Be3 Bf3 20. Bxd4 Bxg2 21.
Bxb6 axb6 22. Ra4 Kb8 23. Nxh8 Rxh8 $11) 19... Rxh8 20. Be3 Bf3 21. Bh3+ Nf5
$11) 19. Nxd8 $2 (19. Rxg4 $1 {would have secured a huge advantage.} f3 (19...
Nxe2 20. Bxb7+ $1 {Maybe the two players did not spot this nice shot.} (20.
Kxe2 Rhe8+ 21. Kf1 Rd7) 20... Kxb7 21. Nxd8+ Rxd8 22. Kxe2 $16) 20. Bh3 $1 (20.
Bf1 Nxe2 21. Bxe2 Rhe8 22. Nxd8 Rxe2+ 23. Kf1 Kxd8 24. Rd1+ Kc8 (24... Ke7 25.
Rxg6 $1) (24... Ke8 25. Rxg6 $1) 25. Rf4 Re6 26. Rxf3 $16) 20... Nxe2 21. Nxd8
Nxc1 22. Nf7 Re8+ 23. Re4+ $18) 19... f3 $1 {Maybe Ding underestimated this
strong intermediate move.} 20. exf3 (20. Bh1 $1 {seems to be safer, althoug
it's quite counter-intuitive to place the bishop in the corner of the board.}
Rxd8 (20... Nxe2 21. Nf7 Rf8 22. Rc5 Rxf7 23. Rxg4 $14) 21. Rxg4 f5 22. Rxd4 (
22. Rh4 fxe2) 22... Rxd4 23. Bxf3 $11 {should lead to a draw in the long run.})
20... Nxf3+ 21. Bxf3 Re8+ $1 {It's important to activate the rook with check
in order to take away the important e6-square from the white knight.} (21...
Bxf3 $2 22. Ne6 $16) 22. Kd2 Bxf3 23. Nf7 Bc6 $2 {Unfortunately Wei Yi fails
to exploit a golden opportunity to seize the initiative.} (23... Re2+ $1 {
would have been strong, luring the white king to an unfortunate square.} 24.
Kd3 (24. Kc3 Re7) 24... Re7 25. Nd6+ (25. Nh8 g5 26. Rd4 Nd5) 25... Kd8 26. Rf4
(26. Nc4 Be2+ $19) 26... Be2+ {Now the black bishop can escape with check!} 27.
Kd4 Rd7 28. Rxf6 Rxd6+ 29. Rxd6+ cxd6 $17) (23... Re7 24. Nd6+ Kd8 25. Rf4 $16)
24. b4 $5 {I really like this energetic idea to create some threats on the
queenside.} a6 (24... Kd7 $1 {was the best reaction, but the text move seems
too natural to reject it. But if you are aware of White's strong response, it
becomes clear that it would be more appropriate not to insert a6.} 25. Rf4 (25.
Rd4+ Bd5 26. a4 c6 $17) 25... Nd5 26. Rd4 b6 27. b5 Bb7 $15) 25. a4 $1 {
Increasing the tension even further...} Nxa4 $2 {It's too risky to
decentralise the knight in this fashion, but Ding fails to exploit this:} (
25... Re7 $1 {would have maintained the balance.} 26. Nd6+ cxd6 27. b5 Kc7 28.
bxc6 bxc6 29. Re1 Rxe1 30. Kxe1 Nd5 $11) (25... Kd7 $2 {is not possible
anymore.} 26. Rd4+ Bd5 27. a5 $18) 26. Re1 $2 {Now Ding Liren misses a big
chance. The posititon is so complicated that it's impossible for both players
to avoid serious mistakes.} (26. Rf4 $1 Nb6 (26... f5 27. Rd4 Nb6 28. Re1 $18)
27. Rxf6 Nd5 28. Rxg6 $3 {The main point, that was probably missed by both
players.} hxg6 29. h7 $16 {White will emerge an exchange up with decent
winning chances.}) 26... Nb6 27. Rg4 $6 (27. Rd4 Rf8 28. Re7 Bd5 29. Nd6+ cxd6
30. Rxh7 Rg8 31. Kd3 Kd8 $14 {Objectively the position should be in some kind
of balance but it's definitely easier to play with White since Black has to be
constantly aware of tactics connected with the white h-passed pawn.}) 27... Rg8
$6 (27... Rf8 $1 28. Re7 Nd5 $1 (28... Bd5 29. Nd6+ cxd6 30. Rxh7 Rg8 31. Rf4
f5 32. Rd4 g5) 29. Nd6+ cxd6 30. Rxh7 Nc7 $1 {The black rook is better placed
on f8 than on g8, because Rg7 doesn't win an important tempo now!} 31. Rg7 (31.
Rxg6 Be4 $19) 31... Ne8 32. h7 Nxg7 33. Rxg6 Rh8 34. Rxg7 Bd5 35. Kc3 Kd8 36.
Kd4 Be6 37. f3 Ke8 38. Rxb7 Kf8 39. g4 Bf7 40. Rb6 Rxh7 41. Rxd6 Ke7 42. Rxa6
Be6 43. Kc5 $11 {This position should liquidate into a draw.}) 28. Re7 Nd5 (
28... Kb8 29. Ng5 $1 {is similar}) 29. Nd6+ $1 {The h7-pawn is much more
important than the immobile knight on d6!} cxd6 30. Rxh7 {Like in most
complicated posititons in chess the computer evaluates it 0.00 after dozens of
moves. Still in a practical game it seems like Black has more problems to
solve than White, so I would tend to evaluate this constellation as +=} g5 31.
Re4 Rg6 $2 {It's not easy to decide how to arrange the pieces, but this
construction with the rook on g6 is definietly a step in the wrong direction.}
(31... f5 $5 32. Re6 Nc7 33. Rxd6 Ne8 34. Re6 Kd8 35. Ree7 f4 36. gxf4 gxf4 37.
Rhf7 Rh8 38. h7 Nf6 $11) (31... Nc7 $5 {Also it looks kind of passive it seems
necessary to redeploy the knight in order to arrange a fortress.} 32. Ree7 Ne8
33. Kd3 Kd8 34. Rhf7 Bd5 35. Rh7 Bc6 $11) 32. Re6 $1 {After this exact rook
move Black has difficult problems. But with precise moves he should still hold
his position together.} g4 $6 {It was necessary to improve the position of the
king. Strangely enough, its movement in both directions was still enough to
save the game.} (32... Kd8 $1 33. Rxd6+ Ke8 34. Rh8+ Kf7 35. Rdd8 Ke6 36. Rdg8
Kf7 37. Rb8 Ke6 38. b5 axb5 39. Rhe8+ Bxe8 40. Rxe8+ Kf5 41. h7 Rh6 42. h8=Q
Rxh8 43. Rxh8 Ke4 $11) (32... Kb8 $1 33. Rxd6 Nxb4 34. Rh8+ Ka7 35. h7 Rh6 36.
Rxf6 Rh2 (36... Rxf6 37. Ra8+ Kxa8 38. h8=Q+ $18) 37. Rg6 (37. Rf7 Be4) 37...
Be4 38. Rxg5 Rxh7 39. Rxh7 Bxh7 40. Kc3 Nd3 41. Rg7 Nxf2 42. Rxh7 Ne4+ 43. Kd3
Nxg3 {Amazingly the knight cannot be won quickly enough in this situation.} 44.
Rf7 a5 $11) (32... Nxb4 33. Ree7 $1 Rg8 34. Ref7 Bd5 35. Rxf6 $14) 33. Rxd6
Nxb4 $2 {Only this move seems to be the decisive mistake! It was still
necessary to evacuate the king, while the important knight, which cages the
rook in on d6, had to be kept in the centre.} (33... Kb8 $1 34. Rd8+ (34. Rh8+
Ka7 35. h7 Rh6 36. Rdd8 Rh2 $11) 34... Ka7 35. Rdh8 f5 $1 {clearing the 6th
rank for the rook.} 36. Rg7 Rd6 37. h7 Nf6+ 38. Kc3 Nxh7 39. Rgxh7 Be4 $11) 34.
Rh8+ Kc7 35. Rd4 $1 {Now it's all over, because both of White's rooks are
active.} Nd5 (35... a5 36. h7 Rh6 37. Rxg4 Kb6 38. Rg7 Be4 39. Re7 Rxh7 40.
Rexh7 Bxh7 41. Rxh7 $18) 36. h7 Rh6 37. Rxg4 Ne7 38. Rg7 Kd7 39. Rf8 {A really
complicated and nerve-racking game!} 1-0